| 000 | 01415pam a22003374a 4500 | ||
|---|---|---|---|
| 001 | 1201307 | ||
| 003 | OST | ||
| 005 | 20140310184356.0 | ||
| 008 | 981222s1999 flua 000 0 eng | ||
| 010 | _a 98055375 | ||
| 020 | _a1558746692 (trade paper) | ||
| 040 |
_aDLC _cDLC _dDLC |
||
| 042 | _apcc | ||
| 050 | 0 | 0 |
_aBJ 1661 _b.Y81 2000 |
| 245 | 0 | 0 |
_aTaste berries for teens : _binspirational short stories and encouragement on life, love, friendship, and tough issues / _cBettie B. Youngs, Jennifer Leigh Youngs ; with contributions from teens for teens. |
| 260 |
_aDeerfield Beach, Fla. : _bHealth Communications, _c2000 |
||
| 300 |
_a344 p. : _bill. ; _c22 cm. |
||
| 521 | _aG11 | ||
| 526 | _c970 | ||
| 650 | 0 |
_aTeenagers _xConduct of life. _925592 |
|
| 700 | 1 | _aYoungs, Bettie B. | |
| 700 | 1 |
_aYoungs, Jennifer Leigh, _d1974- _925593 |
|
| 856 | 4 | 2 |
_3Publisher description _uhttp://www.loc.gov/catdir/enhancements/fy0727/98055375-d.html |
| 856 | 4 | 1 |
_3Sample text _uhttp://www.loc.gov/catdir/enhancements/fy0727/98055375-s.html |
| 856 | 4 | 2 |
_3Contributor biographical information _uhttp://www.loc.gov/catdir/enhancements/fy0735/98055375-b.html |
| 906 |
_a7 _bcbc _corignew _d1 _eocip _f19 _gy-gencatlg |
||
| 942 |
_2lcc _cBK-SCHOLAS |
||
| 999 |
_c34012 _d34012 |
||